| 000 | 00000nam 2200000zi 4500 |
| 001 | 9.946011 |
| 003 | CaOODSP |
| 005 | 20241210142438 |
| 006 | m o d f |
| 007 | cr |n||||||||| |
| 008 | 241210t19801980onca obi f|0| 0 fre d |
| 040 | |aCaOODSP|bfre|erda|cCaOODSP |
| 043 | |an-cn--- |
| 086 | 1 |aNR24-29/1980F-PDF |
| 245 | 00|aCode canadien de la plomberie 1980. |
| 250 | |aTroisième édition française 1980. |
| 264 | 1|aOttawa : |bComité associé du Code national du bâtiment, Conseil national de recherches du Canada, |c1980. |
| 264 | 4|c©1980 |
| 300 | |a1 ressource en ligne (ix, 130 pages) : |billustrations + |eerrata (1 page), modifications - janvier 1983 (2 pages), modifications - janvier 1984 (1 page) |
| 336 | |atexte|btxt|2rdacontent/fre |
| 337 | |ainformatique|bc|2rdamedia/fre |
| 338 | |aressource en ligne|bcr|2rdacarrier/fre |
| 500 | |aPublié aussi en anglais sous le titre : Canadian Plumbing Code 1980. |
| 500 | |aÉdition numérisée de l’imprimé [par Conseil national de recherches Canada]. |
| 500 | |a« CNRC no. 17305F. » |
| 504 | |aComprend des références bibliographiques et un index. |
| 650 | 6|aPlomberie|xDroit|zCanada. |
| 650 | 6|aPlomberie|xNormes|zCanada. |
| 710 | 2 |aConseil national de recherches Canada. |bComité associé sur le Code national du bâtiment, |eorganisme de publication. |
| 775 | 08|tCanadian Plumbing Code 1980.|w(CaOODSP)9.946009 |
| 794 | |tCode canadien de la plomberie 1985.|bÉdition 1985|w(CaOODSP)9.946030 |
| 795 | |tCode canadien de la plomberie 1977.|bÉdition 1977|w(CaOODSP)9.946005 |
| 856 | 40|qPDF|s5.06 Mo|uhttps://publications.gc.ca/collections/collection_2024/cnrc-nrc/NR24-29-1980-fra.pdf|zCode |
| 856 | 40|qPDF|s19 Ko|uhttps://publications.gc.ca/collections/collection_2024/cnrc-nrc/NR24-29-1980-1-fra.pdf|zErrata |
| 856 | 40|qPDF|s84 Ko|uhttps://publications.gc.ca/collections/collection_2024/cnrc-nrc/NR24-29-1980-2-fra.pdf|zModifications - janvier 1983 |
| 856 | 40|qPDF|s44 Ko|uhttps://publications.gc.ca/collections/collection_2024/cnrc-nrc/NR24-29-1980-3-fra.pdf|zModifications - janvier 1984 |